000
00276nam a22001097a 4500
082
_a
823
_b
STA/B
100
_a
STAN & JAN BREENS
245
_a
THE BRENSTAIN BREARS AND TOO MUCH TV
260
_a
NEW YORK
_b
RANDOM HOUSE
_c
1984
650
_a
ENGLISH STORY
_z
UNITED STATES
942
_c
BK
999
_c
7531
_d
7531